Introduction to Generative AI (Record no. 11541)

MARC details
000 -LEADER
fixed length control field 00924nam a22001577a 4500
020 ## - INTERNATIONAL STANDARD BOOK NUMBER
ISBN 9781633434882
082 ## - DEWEY DECIMAL CLASSIFICATION NUMBER
Classification number 006.3DHA
100 ## - MAIN ENTRY--AUTHOR NAME
Personal name Dhamani, Numa.
245 ## - TITLE STATEMENT
Title Introduction to Generative AI
Sub Title Reliable, Responsible, and Real-World Applications
260 ## - PUBLICATION, DISTRIBUTION, ETC. (IMPRINT)
Place of publication New York
Name of publisher Manning Publications Co.
Year of publication 2025
300 ## - PHYSICAL DESCRIPTION
Number of Pages xviii, 480p.
Other physical details ill.; 24 cm
520 ## - SUMMARY, ETC.
Summary, etc AI tools like ChatGPT and Gemini, automated coding tools like Cursor and Copilot, and countless LLM-powered agents have become a part of daily life. They’ve also spawned a storm of misinformation, hype, and doomsaying that makes it tough to understand exactly what Generative AI actually is and what it can really do. This book delivers a clear, well-written survey of generative AI fundamentals along with the techniques and strategies you need to use AI safely and effectively.
650 ## - SUBJECT ADDED ENTRY--TOPICAL TERM
Topical Term Artificial intelligence
942 ## - ADDED ENTRY ELEMENTS (KOHA)
Koha item type Book
Holdings
Withdrawn status Lost status Damaged status Not for loan Permanent Location Current Location Shelving location Date acquired Cost, normal purchase price Full call number Accession Number Price effective from Koha item type
        UONGOZI Institute Resources Centre - Dar es Salaam UONGOZI Institute Resources Centre - Dar es Salaam Personal Development 07/18/2026 140998.00 006.3DHA UR010573 07/01/2026 Book
        UONGOZI Institute Resources Centre - Dar es Salaam UONGOZI Institute Resources Centre - Dar es Salaam Personal Development 07/18/2026 140998.00 006.3DHA UR010574 07/01/2026 Book